000 00952nam a2200241Ia 4500
001 16284
003 GE_BSU
008 181216s||||||||xx |||||||||||||| ||und||
020 _aISBN 978-9941-10-417-6
040 _cGE_BSU
080 _a343.23
100 _aტურავა, მერაბ
245 _aსისხლის სამართალი = Strafrecht ზოგადი ნაწილი : 2 წიგნად
245 _bწ. 1 : დანაშაულის მოძღვრება
260 _aთბილისი.
260 _bმერიდიანი
260 _c2011
300 _a- XXV, 692 გვ.. - ანბ.-საგნ. საძ.: გვ. 656-691. - ბიბლიოგრ. ტექსტ. შენიშვნ.
541 _h27ლ.
653 _aსამართალი
653 _aსისხლის სამართალი; დანაშაული;
942 _cBK
999 _c49367
_d49367